Multiple Choice - Monarchs and their Regnal Numbers - Statistics

General Stats
  • This quiz has been taken 56 times
  • The average score is 9 of 14
Answer Stats
Question Answer % Correct
Queen Elizabeth
United Kingdom, 1952 - Present
Elizabeth II
100%
King George
United Kingdom, 1936 - 52
George VI
100%
King Henry
England, 1509 - 47
Henry VIII
100%
King Louis
France, 1643 - 1715
Louis XIV
100%
Emperor Nicholas
Russia, 1894 - 1917
Nicholas II
100%
King Peter
Yugoslavia, 1934 - 45
Peter II
75%
Pope Benedict
Pope, 2005 - 2013
Benedict XVI
50%
Catherine the Great
Russia, 1762 - 96
Catherine II
50%
King Felipe
Spain, 2014 - Present
Felipe VI
50%
Dom Pedro
Brazil, 1831 - 89
Pedro II
50%
Pharaoh Ramesses
Egypt, 1279 - 13 BC
Ramesses II
50%
King Tupou
Tonga, 2012 - Present
Tupou VI
50%
King Harald
Norway, 1991 - Present
Harald V
25%
King Kamehameha
Hawaiian Kingdom, 1782 - 1819
Kamehameha I
25%
No matching quizzes found
Score Distribution
Percent of People with Each Score
Percentile by Number Answered
Your Score History
You have not taken this quiz